100 Biggest Cities of the Americas in 1900 with a Map - Statistics

General Stats
  • This quiz has been taken 888 times
  • The average score is 70 of 100
Answers on the Map
Answers color-coded by a green-red scale on the quiz's map according to % correct below.
 
Answer Stats
Population Cities % Correct
3,437,202 New York City
98%
236,000 Havana
97%
102,479 Los Angeles
97%
1,698,575 Chicago
96%
344,721 Mexico City
96%
811,443 Rio de Janeiro
96%
342,782 San Francisco
96%
110,000 Bogotá
95%
560,892 Boston
95%
865,000 Buenos Aires
95%
287,104 New Orleans
95%
296,600 Santiago
95%
80,671 Seattle
95%
285,704 Detroit
94%
103,900 Lima
94%
239,820 São Paulo
94%
278,718 Washington
94%
133,859 Denver
93%
1,293,697 Philadelphia
93%
90,426 Portland
93%
208,040 Toronto
93%
89,872 Atlanta
92%
82,000 Caracas
92%
266,000 Montevideo
91%
267,730 Montreal
91%
61,000 Port-au-Prince
91%
508,957 Baltimore
90%
202,718 Minneapolis
90%
575,238 St. Louis
90%
352,387 Buffalo
88%
391,768 Cleveland
88%
74,000 Guatemala City
88%
54,700 La Paz
88%
169,164 Indianapolis
87%
285,315 Milwaukee
87%
325,902 Cincinnati
86%
163,752 Kansas City
86%
59,928 Ottawa
86%
321,616 Pittsburgh
86%
125,560 Columbus
85%
101,200 Guadalajara
85%
80,865 Nashville
85%
59,500 San Salvador
85%
102,320 Memphis
84%
68,940 Quebec City
83%
94,151 Albany
80%
55,807 Charleston
80%
175,597 Providence
80%
85,050 Richmond
80%
62,266 Monterrey
79%
204,731 Louisville
78%
163,065 Saint Paul
78%
54,244 Savannah
78%
246,070 Newark
76%
66,960 Oakland
75%
102,555 Omaha
75%
62,139 Des Moines
72%
79,850 Hartford
72%
162,608 Rochester
72%
113,106 Recife
71%
205,813 Salvador
70%
131,822 Toledo
70%
54,100 Port of Spain
69%
108,374 Syracuse
69%
108,027 New Haven
67%
62,059 Springfield
67%
206,433 Jersey City
64%
96,560 Belém
62%
87,565 Grand Rapids
62%
73,647 Porto Alegre
61%
93,521 Puebla
61%
73,307 Trenton
60%
85,333 Dayton
56%
112,462 Rosario
56%
118,421 Worcester
55%
102,026 Scranton
53%
70,996 Bridgeport
49%
56,987 Manchester
48%
56,383 Utica
46%
91,886 Cambridge
45%
76,508 Wilmington
45%
63,263 León
38%
56,100 Peoria
38%
75,935 Camden
37%
59,007 Evansville
35%
94,969 Lowell
35%
62,442 New Bedford
32%
61,000 San Luis Potosí
32%
58,000 La Plata
30%
105,171 Paterson
30%
104,863 Fall River
29%
60,651 Troy
29%
129,896 Allegheny
28%
78,961 Reading
27%
75,000 St. Joseph
26%
68,513 Lynn
24%
59,364 Hoboken
23%
62,559 Lawrence
21%
61,643 Somerville
13%
59,200 Ouro Preto
9%
No matching quizzes found
Score Distribution
Percent of People with Each Score
Percentile by Number Answered
Your Score History
You have not taken this quiz